000 00315nam a22001337a 4500
008 170302b xxu||||| |||| 00| 0 eng d
020 _a0397971076
041 _aeng
080 _a616.073
100 _a6
101 _aSHM
245 _aHOW TO MEASURE ANGLES FROM FOOT RADIOGRAPHS
_cOESTREICH, A.E
942 _2udc
_cBK
999 _c6549
_d6549